000 00738cam a2200253 a 4500
008
020 _a0471116807 (hbk.)
049 _aMAIN
090 _aQR181
100 1 _aElgert, Klaus D.
245 1 0 _aImmunology :
_bunderstanding the immune system /
_cKlaus D. Elgert.
260 _aNew York :
_bWiley-Liss,
_cc1996.
300 _ax, 468 p. :
_bill. (some col.) ;
_c29 cm.
500 _aIncludes index.
504 _aIncludes bibliographical references.
650 0 _aImmunology.
650 1 2 _aImmune System.
653 0 _aHumans
_aImmune system
907 _a.b10055587
_b16-01-07
_c17-04-03
003
005 20250324140205.0
040 _cNUST
942 _cBOOKS
_kQR181
_01
999 _c112302
_d112302